| 000 | 00591nam a22002417a 4500 | ||
|---|---|---|---|
| 003 | UA-OsUOA | ||
| 001 | 31606 | ||
| 007 | ta | ||
| 008 | 20041224b un ||||| |||| 00| 0 ukr d | ||
| 090 |
_a94(4)(092) _bЕ24 |
||
| 942 | _cBK | ||
| 040 |
_aUA-OsUOA _brus _cUA-OsUOA _dUA-OsUOA |
||
| 245 |
_aЕвропеец _bЖурнал И. В. Киреевского _cРед. А. Л.Гришунин |
||
| 300 | _a536 с. | ||
| 955 | _a0 | ||
| 041 | _arus | ||
| 080 | _a94(4)(092) | ||
| 020 | _a5-02-012668-3 | ||
| 260 |
_bНаука _c1989 |
||
| 044 | _aRU | ||
| 650 | 7 | _2UDC | |
| 999 |
_c318035 _d318035 |
||